000 00720nam a2200205Ii 4500
003 JO-AjNU
008 230605s9999||||xx |||||||||||||| ||und||
017 _a2003/8707
040 _aJO-AjNU
_bara
_erda
_cJO-AjNU
041 _aara
050 1 4 _aPJ7577.S23 2003
100 3 _aالصبروت، ربيع,
_eauthor
_936967
245 0 0 _aاللغة والتراث في القصة والرواية
264 3 1 _aالقاهرة:الهيئة المصرية العامة للكتاب،2003
300 _a126ص
336 _atext
_btxt
_2rdacontent
337 _aunmediated
_bn
_2rdamedia
338 _avolume
_bnc
_2rdacarrier
650 4 _a القصة العربية - القرن العشرون - تاريخ ونقد
_936968
999 _aA15405
_c18973
_d18973